Die größten Landkreise Deutschlands (nach Fläche) - Statistiken

Allgemein
  • Dieses Quiz wurde 42 mal gespielt
  • Das Durchschnittsergebnis liegt bei 15 aus 20
Antwortstatistiken
Bundesland Fläche in Quadratkilometern Landkreis % Korrekt
Mecklenburg-Vorpommern 5.495,59 Mecklenburgische Seenplatte
92%
Mecklenburg-Vorpommern 3.431,22 Rostock
89%
Mecklenburg-Vorpommern 4.766,76 Ludwigslust-Parchim
84%
Mecklenburg-Vorpommern 2.127,06 Nordwestmecklenburg
84%
Sachsen-Anhalt 2.367,15 Börde
82%
Niedersachsen 2.297,13 Region Hannover
79%
Brandenburg 3.077,03 Uckermark
79%
Mecklenburg-Vorpommern 3.945,64 Vorpommern-Greifswald
79%
Mecklenburg-Vorpommern 3.216,19 Vorpommern-Rügen
79%
Niedersachsen 2.883,64 Emsland
74%
Sachsen 2.395,60 Bautzen
71%
Sachsen-Anhalt 2.424,01 Stendal
71%
Brandenburg 2.274,52 Dahme-Spreewald
68%
Brandenburg 2.138,53 Prignitz
68%
Brandenburg 2.158,65 Märkisch-Oderland
66%
Sachsen-Anhalt 2.294,16 Altmarkkreis Salzwedel
63%
Brandenburg 2.256,75 Oder-Spree
63%
Brandenburg 2.592,04 Potsdam-Mittelmark
63%
Schleswig-Holstein 2.189,77 Rendsburg-Eckernförde
58%
Brandenburg 2.526,49 Ostprignitz-Ruppin
55%
Keine übereinstimmenden Quizze gefunden
Verteilung der Resultate
Anzahl Personen mit jedem Resultat
Perzentil nach korrekt beantworteten Fragen
Ihre Resultats-Entwicklung
Sie haben dieses Quiz noch nicht gespielt